Deux ans de guerre á Constantinople (Record no. 148657)

MARC details
000 -LEADER
campo de control de longitud fija 00572nam a2200169 i 4500
001 - NÚMERO DE CONTROL
campo de control 148657
003 - IDENTIFICADOR DE NÚMERO DE CONTROL
campo de control ES-MaACL
005 - FECHA Y HORA DE LA ÚLTIMA TRANSACCIÓN
campo de control 20230906202742.0
007 - CAMPO FIJO DE DESCRIPCIÓN FÍSICA--INFORMACIÓN GENERAL
campo de control de longitud fija t|
008 - DATOS DE LONGITUD FIJA--INFORMACIÓN GENERAL
campo de control de longitud fija 070214s1917 fr r ||||1| fre d
100 1# - ENTRADA PRINCIPAL--NOMBRE DE PERSONA
Nombre de persona Stuermer, Harry.
9 (RLIN) 108500
245 10 - MENCIÓN DEL TÍTULO
Título Deux ans de guerre á Constantinople
Resto del título : études de morale et politique allemandes et jeunes-turques /
Mención de responsabilidad, etc. Harry Stuermer.
260 ## - PUBLICACIÓN, DISTRIBUCIÓN, ETC.
Lugar de publicación, distribución, etc. Paris :
Nombre del editor, distribuidor, etc. Payot,
Fecha de publicación, distribución, etc. 1917 (
Lugar de fabricación/manufactura Lausanne :
Fabricante Imp. Réunies)
300 ## - DESCRIPCIÓN FÍSICA
Extensión 265 p. ;
Dimensiones 19 cm.
650 #4 - PUNTO DE ACCESO ADICIONAL DE MATERIA--TÉRMINO DE MATERIA
Término de materia o nombre geográfico como elemento de entrada Guerra mundial, 1914-1918-
Subdivisión geográfica Turquía.
9 (RLIN) 158588
852 ## - LOCALIZACIÓN
Ubicación ES-MaACL
Número de control de estantería B-7803
Holdings
Estatus retirado Estado de pérdida Estado de daño No para préstamo Biblioteca de origen Biblioteca actual Ubicación en estantería Fecha de adquisición Fuente de adquisición Total de préstamos Signatura topográfica completa Código de barras Visto por última vez Precio de reemplazo Tipo de ítem Koha
        Biblioteca del Ateneo de Madrid Biblioteca del Ateneo de Madrid Sala Pardo Bazán 17/01/2008     B-7803 1155136 23/02/2023 23/02/2023 Libro impreso